[Event "Tashkent Sahibkiran Temur Cup"]
[Site "Tashkent"]
[Date "2023.04.16"]
[Round "4"]
[White "Nigmatov, Ortik"]
[Black "Goganov, Aleksey"]
[Result "1/2-1/2"]
[WhiteElo "2473"]
[BlackElo "2525"]
[PlyCount "166"]
[EventDate "2023.04.14"]
[EventType "swiss"]
[EventRounds "9"]
[EventCountry "UZB"]
[SourceTitle "CBM 213 Extra"]
[Source "ChessBase"]
[SourceDate "2023.05.31"]
[SourceVersion "1"]
[SourceVersionDate "2023.05.31"]
[SourceQuality "1"]

1. e4 c5 2. Nf3 d6 3. Bb5+ Nd7 4. d4 cxd4 5. Nxd4 Ngf6 6. 0-0 a6 7. Bd3 Nc5 8. Nc3 g6 9. Re1 Bg7 10. Bf1 0-0 11. a4 Bd7 12. f3 Rc8 13. Be3 Qa5 14. Qd2 Rfe8 15. Reb1 Qc7 16. a5 Ne6 17. Nde2 Qb8 18. Ra3 Nc7 19. Rb3 Nb5 20. Nf4 Nxc3 21. bxc3 Bc6 22. Nd5 Nxd5 23. exd5 Bb5 24. c4 Bxc4 25. Rxb7 Qa8 26. Bxc4 Rxc4 27. Qe2 Ra4 28. Bf2 Bf6 29. Qd2 Qc8 30. R7b6 Qc4 31. Rc6 Qa2 32. Re1 Rxa5 33. Rxd6 Rc8 34. Rc6 Rd8 35. d6 Rd5 36. Rxa6 Qxa6 37. Qxd5 Rxd6 38. Qe4 Rc6 39. Qd3 Qc8 40. Re2 Rd6 41. Qe4 Qc3 42. Kf1 Kg7 43. Be1 Rd1 44. g3 Qc8 45. Kg2 Rd4 46. Qe3 Rc4 47. Qd3 h5 48. h4 Qc6 49. Bd2 e6 50. Be1 Kh7 51. Kh2 Rd4 52. Qe3 Rd1 53. Kg2 Rd5 54. Qb3 Rc5 55. Qd3 Rc4 56. Kh2 Bc3 57. Bf2 Bg7 58. Be1 Rc5 59. Kg2 Qa4 60. Qb3 Qa6 61. Re4 Qa1 62. Qd3 Rd5 63. Qe2 Bc3 64. Bxc3 Qxc3 65. Qf2 Rd1 66. Re2 Kg7 67. Re3 Qc6 68. Rd3 Rc1 69. Rd2 Qc3 70. Qe2 Kh7 71. Qf2 Qc7 72. Kh2 Ra1 73. Qd4 Ra3 74. Kg2 Qb7 75. Qf6 Ra8 76. c4 Rc8 77. c5 Qa7 78. Kh3 Rb8 79. g4 hxg4+ 80. Kxg4 Rb4+ 81. Kh3 Qxc5 82. Qxf7+ Kh6 83. Qxe6 Rxh4+ 1/2-1/2